Pedro Bernardo Villarreal de Berriz (Record no. 182405)

MARC details
000 -LEADER
campo de control de longitud fija 01098nam a2200193 i 4500
001 - NÚMERO DE CONTROL
campo de control 182405
003 - IDENTIFICADOR DE NÚMERO DE CONTROL
campo de control ES-MaACL
005 - FECHA Y HORA DE LA ÚLTIMA TRANSACCIÓN
campo de control 20250728182217.0
008 - DATOS DE LONGITUD FIJA--INFORMACIÓN GENERAL
campo de control de longitud fija 130808s1990 sp |||| | spa d
100 0# - ENTRADA PRINCIPAL--NOMBRE DE PERSONA
Nombre de persona García-Diego, José A.
9 (RLIN) 54541
245 10 - MENCIÓN DEL TÍTULO
Título Pedro Bernardo Villarreal de Berriz
Resto del título : euskaldunon ekarpena XVIII, eko injeniaritzari = la aportación vasca a la ingeniería del XVIII /
Mención de responsabilidad, etc. [introducción, José A. García Diego].
260 ## - PUBLICACIÓN, DISTRIBUCIÓN, ETC.
Lugar de publicación, distribución, etc. [Bilbao] :
Nombre del editor, distribuidor, etc. Bikaiko Foru Aldundia, Kultura Saila = Diputación Foral de Bizkaia, Departamento de Cultura,
Fecha de publicación, distribución, etc. [1990?]
300 ## - DESCRIPCIÓN FÍSICA
Extensión P.3-12 :
Otras características físicas il. ;
Dimensiones 30 cm.
546 ## - NOTA DE IDIOMA
Nota de lengua/lenguaje Texto en paralelo en vasco y español.
595 ## -
-- Separata de la publicación: Pedro Bernardo Villarreal de Berriz : euskaldunon ekarpena XVIII, eko injeniaritzari = la aportación vasca a la ingeniería del XVIII .- [Bilbao] : Bikaiko Foru Aldundia, Kultura Saila = Diputación Foral de Bizkaia, Departamento de Cultura, D.L. 1990.
600 14 - PUNTO DE ACCESO ADICIONAL DE MATERIA--NOMBRE DE PERSONA
Nombre de persona Villarreal de Berriz, Pedro Bernardo,
Fechas asociadas al nombre 1670-1740
9 (RLIN) 115137
852 ## - LOCALIZACIÓN
Ubicación ES-MaACL
Número de control de estantería 2323-F-16
Holdings
Estatus retirado Estado de pérdida Estado de daño No para préstamo Colección Biblioteca de origen Biblioteca actual Ubicación en estantería Fecha de adquisición Fuente de adquisición Total de préstamos Signatura topográfica completa Código de barras Visto por última vez Precio de reemplazo Tipo de ítem Koha
        Colección de folletos Biblioteca del Ateneo de Madrid Biblioteca del Ateneo de Madrid Depósito folletos 08/08/2013     2323-F-16 1191683 23/02/2023 23/02/2023 Folleto